Statistics for Top 10 Italian PL scorers

Click here to take the quiz!

General Stats

  • This quiz has been taken 43 times
  • The average score is 4 of 10

Answer Stats

HintAnswer% Correct
59Zola
95%
21Balotelli
54%
66Di Canio
51%
21Vialli
46%
23Pelle
41%
16Borini
35%
25Ravanelli
27%
18Maccarone
11%
35Carbone
5%
16Baiano
3%

Score Distribution

Percentile by Number Answered

Percent of People with Each Score

Your Score History

You have not taken this quiz